| 000 | 00914nam a2200241 4500 | ||
|---|---|---|---|
| 003 | dpl | ||
| 005 | 20180522163931.0 | ||
| 008 | 180522b xxu||||| |||| 00| 0 eng d | ||
| 010 | _aB-109695 | ||
| 020 | _a8187332182 | ||
| 035 | _aB-109695, B-109699 | ||
| 037 | _bCen Lib / Ret | ||
| 040 |
_aDPL _bEN _c0 |
||
| 082 |
_a954.13 _bMED |
||
| 100 | _aSwami Medhasananda | ||
| 245 |
_aVaranasi at the crossroads : _ba panoramic view of early modern Varanasi and the story of its transition / _cby Swami Medhasananda |
||
| 260 |
_aKolkata _bThe Ramakrishna Mission Institute of Culture _c2003 |
||
| 270 |
_aThe Ramakrishna Mission Institute of Culture _bKolkata _e700029 |
||
| 300 |
_axxix, 1043p _c27cm(Hb) |
||
| 650 | _aVaranasi (Uttar Pradesh, India) -- History -- 18th century. | ||
| 650 | _aVārānasi (Uttar Pradesh, India) -- History -- 19th century. | ||
| 942 |
_2ddc _cEN _h954.13 _mMED |
||
| 999 |
_c137084 _d137084 |
||